| 000 | 01190nam a2200313 a 4500 | ||
|---|---|---|---|
| 001 | 000115968 | ||
| 003 | CHAP | ||
| 005 | 20220817044822.0 | ||
| 008 | 190823s2019 mx a |sm |||||||spa d | ||
| 010 | _a112429 | ||
| 011 | _a113401 | ||
| 040 | _cCHAP | ||
| 090 | _aTesis | ||
| 100 | 1 |
_aHernández Peña, Rebeca. _9136666 |
|
| 245 | 1 | 0 |
_aCaracterización molecular y aproximación etnobotánica del chile chiltepín (Capsicum annuum L. var.glabriusculum) de la vertiente oriental de México _h[En línea] _cpor Rebeca Hernández Peña. |
| 260 |
_aChapingo, Méx. : _bEl autor, _c2019. |
||
| 500 | _aPara ver el contenido del material haga clic en la liga | ||
| 502 | _aTesis (M.C. en Horticultura) -- UACH. Departamento de Fitotecnia | ||
| 590 |
_aBATCH-UPD _b05 _c20190823 _lUCH01 _h1018 |
||
| 590 |
_aE6339RRR _b05 _c20190823 _lUCH01 _h1017 |
||
| 590 |
_aE6339RRR _b05 _c20190823 _lUCH01 _h1018 |
||
| 650 | 1 | 4 |
_aChile (Botánica) _xGenética. _922361 |
| 650 | 1 | 4 |
_aChile (Botánica) _xMejoramiento. _922376 |
| 650 | 1 | 4 |
_aChile (Botánica) _xPreservación. |
| 856 |
_aFinding aid _uhttp://10.13.5.2/tesis/sist115968.pdf _zTeclea aquí |
||
| 901 | _aBK | ||
| 942 | _cTESIS | ||
| 942 | _n0 | ||
| 999 |
_c112429 _d112429 |
||